Discovering geometry : (Record no. 13245)

MARC details
000 -LEADER
fixed length control field 01151cam a2200265Ia 4500
001 - CONTROL NUMBER
control field 13245
003 - CONTROL NUMBER IDENTIFIER
control field OCoLC
005 - DATE AND TIME OF LATEST TRANSACTION
control field 20250725092032.0
008 - FIXED-LENGTH DATA ELEMENTS--GENERAL INFORMATION
fixed length control field 030807s2003 caua 001 0 eng d
020 ## - INTERNATIONAL STANDARD BOOK NUMBER
International Standard Book Number 1559534605
020 ## - INTERNATIONAL STANDARD BOOK NUMBER
International Standard Book Number 9781559534604
040 ## - CATALOGING SOURCE
Original cataloging agency GFC
Language of cataloging eng
Transcribing agency GFC
Modifying agency BAKER
-- YDXCP
-- YOM
-- BDX
-- Y#N
-- OCLCF
-- OCLCO
-- OCLCQ
-- BSULIB
082 ## - DEWEY DECIMAL CLASSIFICATION NUMBER
Classification number 516
Item number SER
100 1# - MAIN ENTRY--PERSONAL NAME
Personal name Serra, Michael
9 (RLIN) 4091
245 10 - TITLE STATEMENT
Title Discovering geometry :
Remainder of title an investigative approach : teacher's edition /
Statement of responsibility, etc Michael Serra
250 ## - EDITION STATEMENT
Edition statement 3rd ed
260 ## - PUBLICATION, DISTRIBUTION, ETC. (IMPRINT)
Place of publication, distribution, etc Emeryville, CA :
Name of publisher, distributor, etc Key Curriculum Press,
Date of publication, distribution, etc ©2003
300 ## - PHYSICAL DESCRIPTION
Extent xlvi, 790 pages :
Other physical details color illustrations ;
Dimensions 29 cm
490 1# - SERIES STATEMENT
Series statement Discovering mathematics
500 ## - GENERAL NOTE
General note Includes index
505 0# - FORMATTED CONTENTS NOTE
Formatted contents note geometric art -- introducing geometry -- reasoning in geometry -- using tools of geometry -- discovering and proving triangle properties -- discovering and proving polygon properties -- discovering and proving circle properties -- transformations and tessellations -- area -- pythagorian theorem
650 #0 - SUBJECT ADDED ENTRY--TOPICAL TERM
Topical term or geographic name as entry element Geometry
General subdivision Study and teaching (Secondary)
9 (RLIN) 25609
830 #0 - SERIES ADDED ENTRY--UNIFORM TITLE
Uniform title Discovering mathematics
9 (RLIN) 2949
942 ## - ADDED ENTRY ELEMENTS (KOHA)
Source of classification or shelving scheme Dewey Decimal Classification
Item type Books
Holdings
Withdrawn status Lost status Source of classification or shelving scheme Damaged status Not for loan Home library Current library Shelving location Date acquired Inventory number Total Checkouts Full call number Barcode Date last seen Copy number Price effective from Koha item type Public note
    Dewey Decimal Classification     Main Library Main Library Open Shelves 23/07/2025 33378   516 SER bsu25071501 23/07/2025 001 23/07/2025 Books Material available in hard copy

© 2017 Bishop Stuart University Library. All Rights Reserved.
Kakoba Campus, Plot 150 Buremba Road | P.O. Box 9, Mbarara, UGANDA | Tel: +256-772-463068
Email: library@bsu.ac.ug